00592 2200217 4500001002100000005001500021035002000036007000300056008004100059020002200100082000800122084001400130100002200144245008000166250001100246260003400257300003100291650002000322700001900342990001300361INLIS00000000000054720230102112732 a0010-0123000014ta230102 g f ind  a978-602-7933-16-3 a813 a813 SUY b0 aSuyatna Pamungkas1 aBackpack Love :bKisah Cinta 4 penjuru /cSuyatna Pamungkas, F. Puspitarani acet. 1 aJogyakarta :bde Teens,c2013 a168 hlm. :bIlus ;c20 cm. 4aFiksi Indonesia0 aF. Puspitarani a06630663